Пропуск в контексте

Теория организации учебное пособие для студентов бакалавриата по направлению «менеджмент»

Представлены основные положения теории организации. Рассмотрены проявления организации, системные свойства организации. Раскрыты принципы и классификация законов организации. Представлены основные аспекты и составляющие организационного поведения....

Fuld beskrivelse

Сохранить в:
Bibliografiske detaljer
Hovedforfatter: Шлеин В. А.
Format: Книга
Sprog:Russian
Udgivet: Москва РУТ (МИИТ) 2020
Online adgang:https://e.lanbook.com/book/175837
https://e.lanbook.com/img/cover/book/175837.jpg
Tags: Tilføj Tag
Ingen Tags, Vær først til at tagge denne postø!
LEADER 01439nam0a2200241 i 4500
001 175837
003 RuSpLAN
005 20221220174129.0
008 221220s2020 ru gs 000 0 rus
040 |a RuSpLAN 
041 0 |a rus 
044 |a ru 
080 |a 658.5 
245 0 0 |a Теория организации  |b учебное пособие для студентов бакалавриата по направлению «менеджмент»  |c Шлеин В. А. 
260 |a Москва  |b РУТ (МИИТ)  |c 2020 
300 |a 51 с. 
504 |a Библиогр.: доступна в карточке книги, на сайте ЭБС Лань 
520 8 |a Представлены основные положения теории организации. Рассмотрены проявления организации, системные свойства организации. Раскрыты принципы и классификация законов организации. Представлены основные аспекты и составляющие организационного поведения. 
521 8 |a Книга из коллекции РУТ (МИИТ) - Экономика и менеджмент 
100 1 |a Шлеин В. А. 
856 4 |u https://e.lanbook.com/book/175837 
856 4 8 |u https://e.lanbook.com/img/cover/book/175837.jpg 
953 |a https://e.lanbook.com/img/cover/book/175837.jpg